The chemistry of colour application / (Record no. 7109)
[ view plain ]
| 000 -LEADER | |
|---|---|
| fixed length control field | 00886nac a22002531u 4500 |
| 010 ## - LIBRARY OF CONGRESS CONTROL NUMBER | |
| LC control number | 99042716 |
| 020 ## - INTERNATIONAL STANDARD BOOK NUMBER | |
| International Standard Book Number | 0632047828 |
| 035 ## - SYSTEM CONTROL NUMBER | |
| System control number | (DLC) 99042716 |
| 082 00 - DEWEY DECIMAL CLASSIFICATION NUMBER | |
| Classification number | 667.3 |
| Item number | CHR |
| 090 ## - LOCALLY ASSIGNED LC-TYPE CALL NUMBER (OCLC); LOCAL CALL NUMBER (OCLC) | |
| -- | 7109 |
| -- | 7109 |
| 100 ## - MAIN ENTRY--PERSONAL NAME | |
| Personal name | Christie, R. M. |
| 245 14 - TITLE STATEMENT | |
| Title | The chemistry of colour application / |
| Statement of responsibility, etc | R.M. Christie, R.R. Mather, R.H. Wardman. |
| 260 ## - PUBLICATION, DISTRIBUTION, ETC. (IMPRINT) | |
| Place of publication, distribution, etc | Osney, Mead, Oxford ; |
| -- | Malden, Mass. : |
| Name of publisher, distributor, etc | Blackwell Science,2000 |
| Date of publication, distribution, etc | 2000. |
| 300 ## - PHYSICAL DESCRIPTION | |
| Extent | viii, 288 p. : |
| Other physical details | ill. ; |
| Dimensions | 26 cm. |
| 500 ## - GENERAL NOTE | |
| General note | distributed by: al-Ahram |
| 504 ## - BIBLIOGRAPHY, ETC. NOTE | |
| Bibliography, etc | Includes bibliographical references and index. |
| 511 ## - PARTICIPANT OR PERFORMER NOTE | |
| Participant or performer note | catalogued by: wessam |
| 650 #0 - SUBJECT ADDED ENTRY--TOPICAL TERM | |
| Topical term or geographic name as entry element | Dyes and dyeing. |
| 650 #0 - SUBJECT ADDED ENTRY--TOPICAL TERM | |
| Topical term or geographic name as entry element | Coloring matter. |
| 700 1# - ADDED ENTRY--PERSONAL NAME | |
| Personal name | Mather, R. R. |
| 700 1# - ADDED ENTRY--PERSONAL NAME | |
| Personal name | Wardman, R. H. |
| 856 41 - ELECTRONIC LOCATION AND ACCESS | |
| Materials specified | Table of contents |
| Uniform Resource Identifier | <a href="http://www.loc.gov/catdir/toc/fy033/99042716.html">http://www.loc.gov/catdir/toc/fy033/99042716.html</a> |
| 942 ## - ADDED ENTRY ELEMENTS (KOHA) | |
| Item type | Book - Borrowing |
| Call number prefix | 667.3CHR |
| Withdrawn status | Item status | Damaged status | Not for loan | Home library | Current library | Shelving location | Date acquired | Source of acquisition | Total Checkouts | Total Renewals | Full call number | Barcode | Date last seen | Date last borrowed | Koha item type |
|---|---|---|---|---|---|---|---|---|---|---|---|---|---|---|---|
| Central Library | Central Library | First floor | 03/01/2008 | Purchase | 4 | 4 | 667.3CHR | 000008264 | 15/07/2025 | 16/02/2020 | Book - Borrowing |